| 000 | 00419nam a2200157Ia 4500 | ||
|---|---|---|---|
| 003 | LK-CoDNM | ||
| 008 | 010623t2004 xxu||||| |||| 00| 1 sin d | ||
| 040 |
_aLK-CoDNM _dLK-CoDNM _eLK-CoDNM |
||
| 041 | _asin | ||
| 080 | _a294.3 WES | ||
| 245 | _aවෙසක් දහම් දෙසුම් | ||
| 246 | _aWesak Daham Desum | ||
| 260 |
_bBodhi maga Padanama _aKalutara _c2004 |
||
| 300 | _b33p., 21 cm | ||
| 942 | _cBK | ||
| 999 |
_c124087 _d124087 |
||